| 000 | 00761nam a22002297a 4500 | ||
|---|---|---|---|
| 999 |
_c20934 _d20934 |
||
| 003 | AR-CdUCM | ||
| 008 | 190608b ||||| |||| 00| 0 spa d | ||
| 040 |
_aMUNICIPALIDAD PROVINCIAL DEL CUSCO _cBIBLIOTECA MUNICIPAL DEL CUSCO |
||
| 082 |
_a808.3 / _bN25 |
||
| 100 |
_aNaranjo Freire, Flor Viviana _943674 |
||
| 245 |
_aAlas blancas en arpegios de delfines : _bUna súplica para la vida ¡escuchalos! / |
||
| 260 |
_aEcuador : _bCreadores gráficos, _c2006. |
||
| 300 |
_a122 páginas ; _bIlustraciones, _c22 cm. |
||
| 500 | _as/c. | ||
| 505 | _aContenido : Poemario. | ||
| 650 |
_aLiteratura _983 |
||
| 650 |
_aPoemario _91041 |
||
| 650 |
_aEducación primario _943675 |
||
| 700 |
_aFreire Neira, Flor Maria _943676 |
||
| 942 |
_2ddc _cLIBROS |
||
| 945 | _arcc | ||